000 00512nam a2200169Ia 4500
999 _c78
_d78
003 OSt
005 20201224143931.0
008 190216s9999||||xx |||||||||||||| ||und||
040 _coclc
082 _a320.9174927
_bHOU/A
100 _aHourani, Albert
_97869
245 0 _aArabic Thought In The Liberal Age 1798-1939 /
_cAlbert Hourani
260 _bOxford University Press,
_aLondon:
_c1967.
300 _a402p
650 _aArabic
942 _cBK
_2ddc
_h320.9174927
_iHOU/A
_k320.9174927
_mHOU/A